000 00455nam a2200181Ia 4500
001 17336
005 20260306171510.0
008 260306s9999||||xx |||||||||||||| ||und||
041 _aESP
082 _a657.7
_bJ72
100 _aJones, Kumen H.
_eAUT
245 0 _aIntroducción a la contabilidad financiera:
_bperspectiva del usuario
260 _c2001
300 _a556 páginas :
_c
650 _aGEN
654 _aCCO
942 _cLIB
_dJUS
_fJUS
_2ddc
_n
999 _c17336
_d17336